[Event "World Team-ch Women 2019"]
[Site "Astana"]
[Date "2019.03.07"]
[Round "3.1"]
[White "Kosteniuk, Alexandra"]
[Black "Wafa, Shahenda"]
[Result "1-0"]
[WhiteElo "2545"]
[BlackElo "2175"]
[Annotator "RC"]
[PlyCount "45"]
[EventDate "2019.02.05"]
[EventType "team-tourn"]
[EventCountry "KAZ"]
[SourceTitle "playchess.com"]
[Source "ChessBase"]
[SourceQuality "1"]
[WhiteTeam "Russia"]
[BlackTeam "Egypt"]
[WhiteTeamCountry "RUS"]
[BlackTeamCountry "EGY"]
[TimeControl "40/5400+30:1800+30"]

1. e4 {[%emt 0:00:00]} c5 {[%emt 0:00:00]} 2. c3 {[%emt 0:00:00]} g6 {[%emt 0:00:32]} 3. Nf3 {[%emt 0:00:09]} Bg7 {[%emt 0:00:27]} 4. d4 {[%emt 0:00:11]} cxd4 {[%emt 0:00:38]} 5. cxd4 {[%emt 0:00:04]} d5 {[%emt 0:01:15]} 6. e5 {[%emt 0:00:08]} Nh6 {[%emt 0:01:09]} 7. Bf4 {[%emt 0:03:57]} Bg4 {[%emt 0:08:52]} 8. Bb5+ {[%emt 0:01:07]} Nc6 {[%emt 0:07:02]} 9. Bxc6+ {[%emt 0:03:06]} bxc6 {[%emt 0:01:50]} 10. Nbd2 {[%emt 0:02:38]} Qb6 {[%emt 0:07:33]} 11. h3 Bxf3 {[%emt 0:19:23]} 12. Nxf3 {[%emt 0:05:03]} Qxb2 {[%emt 0:00:34]} 13. O-O {[%emt 0:00:24]} O-O {[%emt 0:05:06]} 14. Rb1 {[%emt 0:08:05]} Qxa2 {[%emt 0:05:07]} 15. Qc1 {[%emt 0:00:22]} Nf5 {[%emt 0:00:22]} 16. g4 {[%emt 0:00:54]} Qe2 {[%emt 0:06:17]} 17. Kg2 {[%emt 0:19:43]} Nxd4 {[%emt 0:04:10]} 18. Nxd4 {[%emt 0:00:08]} Qe4+ {[%emt 0:00:05]} 19. Nf3 {[%emt 0:00:06]} d4 {[%emt 0:00:40]} 20. Rb4 {[%emt 0:02:16]} c5 {[%emt 0:00:25]} 21. Qxc5 {[%emt 0:00:41]} Qxf4 {[%emt 0:04:56]} 22. Rxd4 {[%emt 0:00:09]} Rac8 {[%emt 0:00:29]} 23. Qxe7 {[%emt 0:02:44]} 1-0

[Event "World Team-ch Women 2019"]
[Site "Astana"]
[Date "2019.03.07"]
[Round "3.2"]
[White "Wafa, Shrook"]
[Black "Gunina, Valentina"]
[Result "0-1"]
[WhiteElo "2166"]
[BlackElo "2515"]
[Annotator "TA"]
[PlyCount "96"]
[EventDate "2019.02.05"]
[EventType "team-tourn"]
[EventCountry "KAZ"]
[SourceTitle "playchess.com"]
[Source "ChessBase"]
[SourceQuality "1"]
[WhiteTeam "Egypt"]
[BlackTeam "Russia"]
[WhiteTeamCountry "EGY"]
[BlackTeamCountry "RUS"]

{[%evp 21,96,8,12,-11,0,0,6,-20,-9,-6,-5,-6,-4,-6,-8,-15,-7,-14,-15,-14,-11,-4,-3,-15,-6,-8,-16,-30,47,0,11,0,8,-48,-58,-62,-54,-40,7,0,0,0,0,-7,0,-25,-23,-23,-16,-16,-20,-27,-29,-141,-126,-191,0,-234,-243,-296,-307,-625,-619,-797,-785,-925,-873,-29993,-29985,-29992,-609,-29994,-29995,-29995,-29996,-29996,-29994]} 1. e4 e5 2. Nf3 Nc6 3. Bb5 Nf6 4. O-O Nxe4 5. d4 Nd6 6. Bxc6 dxc6 7. dxe5 Nf5 8. Qxd8+ Kxd8 9. Nc3 Be7 10. h3 {C67: Ruy Lopez: Berlin Defence: 4 0-0 Nxe4} Nh4 11. Nxh4 Bxh4 {LiveBook: 22 Games} 12. Ne4 {The position is equal.} (12. Re1 b6 13. g4 Be7 14. Be3 Bd7 15. Rad1 Kc8 16. Ne2 Re8 17. Nf4 {1-0 (49) Vachier Lagrave,M (2781)-Aronian,L (2765) London 2018}) 12... Bf5 13. Ng5 $146 ({Predecessor:} 13. Re1 h5 14. Bg5+ Bxg5 15. Nxg5 Ke7 16. Re2 a5 17. Rd1 Rhd8 {½-½ (27) Belov,V (2598)-Yemelin,V (2516) Tomsk 2006}) 13... Ke8 14. c3 h6 15. Nf3 Be7 16. Nd4 Bd7 17. a4 c5 18. Nb5 Rc8 19. Bf4 Be6 20. Nxa7 Ra8 21. Nb5 Kd7 22. Rfc1 g5 23. Bg3 h5 24. c4 Rag8 (24... h4 $11 25. Bh2 Rhd8) 25. b3 h4 26. Bh2 $1 g4 27. Rd1+ (27. hxg4 $11 Bxg4 28. Rc3) 27... Kc8 $15 28. hxg4 Bxg4 29. Rd3 $1 Rd8 {[%mdl 1024] Black has compensation.} 30. Re3 Bg5 31. f4 Be7 32. Nc3 Rd2 33. Nd5 Bd8 34. Rf1 Be2 35. Re1 Bd3 36. Rf3 c6 $36 {[%mdl 2048] Black has the initiative.} 37. Nc3 {[#]} (37. Nf6 $11 {remains equal.}) 37... Ba5 $1 $17 {[%cal Ra5c3]} 38. Ne4 {[#]} (38. Rd1 $17 Rxd1+ 39. Nxd1) 38... Rb2 $2 ({Worse is} 38... Bxe4 39. Rxe4 Rg8 40. g3 $11) (38... Rc2 $1 $19 39. Nd6+ Kb8) 39. Rxd3 $2 (39. Nd6+ $11 Kc7 40. Ra1) 39... Bxe1 $19 40. Kf1 Rg8 41. Bg1 $2 (41. Ng5 Rb1 42. Ke2) 41... Rgxg2 42. Bxc5 Rh2 {White must now prevent ...Rb1.} 43. Nd6+ Kb8 {( -> ...Bg3)} 44. Nxf7 Rh1+ 45. Bg1 h3 (45... Bg3 $142 46. Rd8+ Kc7 47. Rc8+ Kd7 48. Rd8+ Ke7 49. Re8+ Kxf7 50. Rf8+ Kxf8 51. f5 Rf2+ 52. Ke1 Rxg1#) 46. e6 {Strongly threatening Rd8+.} Bf2 {[%csl Gf2][%cal Rh1g1] Black mates.} 47. Rd8+ Ka7 {[%csl Gf2][%cal Rh1g1]} 48. Rg8 h2 {Precision: White = 31%, Black = 59%.} 0-1

[Event "World Team-ch Women 2019"]
[Site "Astana"]
[Date "2019.03.07"]
[Round "3.3"]
[White "Goryachkina, Aleksandra"]
[Black "Elansary, Eman"]
[Result "1-0"]
[WhiteElo "2504"]
[BlackElo "1944"]
[Annotator "TA"]
[PlyCount "101"]
[EventDate "2019.02.05"]
[EventType "team-tourn"]
[EventCountry "KAZ"]
[SourceTitle "playchess.com"]
[Source "ChessBase"]
[SourceQuality "1"]
[WhiteTeam "Russia"]
[BlackTeam "Egypt"]
[WhiteTeamCountry "RUS"]
[BlackTeamCountry "EGY"]

{[%evp 19,101,19,4,14,54,52,47,50,103,70,120,70,73,84,105,96,128,104,117,108,125,125,115,111,120,118,100,104,103,95,102,110,139,139,141,141,141,140,134,141,164,164,189,186,185,141,141,140,129,112,116,109,401,402,385,383,367,304,831,806,29962,29965,29965,29962,29969,29970,29968,29968,29974,29974,29980,29981,29981,29980,29980,29981,29981,29982,29982,29983,29983,29983,29983,29983]} 1. e4 {[%cal Be2e4,Be4e5][%mdl 32]} Nf6 {[%cal Bg8f6,Bf6d5,Bd5b6][%mdl 32]} 2. e5 Nd5 3. d4 d6 4. c4 Nb6 5. exd6 exd6 6. Nc3 Be7 7. Bd3 Nc6 {[%cal Bb8c6,Bc6b4,Bb4d3][%mdl 32]} 8. Nge2 Bg4 9. f3 Bh4+ {B03: Alekhine's Defence: Four Pawns Attack} 10. Ng3 Bd7 {LiveBook: 3 Games} 11. Be3 O-O $146 {The position is equal.} ({Predecessor:} 11... Qe7 12. Kf2 O-O 13. Re1 Nb4 14. Bf1 Rfe8 15. a3 Na6 16. b4 c6 17. Qd2 {1-0 (44) Naiditsch,A (2586)-Jiroveanu,G (2246) Belgium 2002}) 12. O-O Nb4 13. Be2 Bxg3 (13... c6 $14) 14. hxg3 $16 Bf5 {Threatening ...Nc2.} 15. Rc1 Re8 {[#]} 16. Bf2 $1 Rxe2 17. Nxe2 Nd3 18. Rc3 Nxb2 19. Qb3 N2xc4 20. Rxc4 {Strongly threatening Rcc1.} Be6 21. d5 $1 {[%cal Rd5e6]} Bxd5 22. Bxb6 $1 axb6 23. Nf4 Bxc4 24. Qxc4 Ra5 25. Re1 $36 {[%mdl 2048] Qxc7! is the strong threat. White is on the roll.} Re5 26. Rxe5 dxe5 {[#]} 27. Qd5 $1 {[%cal Rd5d8]} Qd6 28. Qxd6 cxd6 {[%mdl 4096] Endgame KN-KP} 29. Nd5 b5 30. Kf2 Kf8 31. Ke3 Ke8 32. Nc7+ Kd7 33. Nxb5 Kc6 34. Nc3 d5 {White should prevent ...d4+.} 35. Kd3 f5 $2 {[%mdl 8192]} (35... h5 $16 {keeps fighting.}) 36. f4 $18 Kd6 37. Ne2 h6 38. Ng1 exf4 $2 (38... Ke6 39. fxe5 Kxe5) 39. gxf4 g5 40. fxg5 {White mates.} hxg5 41. Nh3 g4 42. Nf4 Kc5 43. g3 b5 44. a3 b4 45. axb4+ Kxb4 46. Nxd5+ {KN-KPP} Kc5 47. Ne3 Kd6 48. Nxf5+ Ke5 49. Ne3 Kf6 50. Nxg4+ Kf5 51. Ne3+ {Precision: White = 90%, Black = 36%.} 1-0

[Event "World Team-ch Women 2019"]
[Site "Astana"]
[Date "2019.03.07"]
[Round "3.4"]
[White "Ehab, Tasneem"]
[Black "Girya, Olga"]
[Result "0-1"]
[WhiteElo "1841"]
[BlackElo "2456"]
[Annotator "ChessBase"]
[PlyCount "84"]
[EventDate "2019.02.05"]
[EventType "team-tourn"]
[EventCountry "KAZ"]
[SourceTitle "playchess.com"]
[Source "ChessBase"]
[SourceQuality "1"]
[WhiteTeam "Egypt"]
[BlackTeam "Russia"]
[WhiteTeamCountry "EGY"]
[BlackTeamCountry "RUS"]
[TimeControl "40/5400+30:1800+30"]

1. d4 {[%emt 0:00:00]} d5 {[%emt 0:00:00]} 2. Bf4 {[%emt 0:00:00]} c5 {[%emt 0:00:00]} 3. e3 {[%emt 0:00:00]} cxd4 {[%emt 0:00:11]} 4. exd4 {[%emt 0:00:00]} Nc6 {[%emt 0:00:03]} 5. c3 {[%emt 0:00:17]} Bf5 {[%emt 0:00:54]} 6. Nf3 {[%emt 0:00:31]} e6 {[%emt 0:02:10]} 7. Bd3 {[%emt 0:00:57]} Bxd3 {[%emt 0:00:42]} 8. Qxd3 {[%emt 0:00:04]} Nge7 {[%emt 0:01:20]} 9. Nbd2 {[%emt 0:02:49]} Ng6 {[%emt 0:00:12]} 10. Bg3 {[%emt 0:01:16]} Bd6 {[%emt 0:02:03]} 11. Qe3 {[%emt 0:04:15]} O-O {[%emt 0:01:36]} 12. Ne5 {[%emt 0:04:19]} Bxe5 {[%emt 0:08:26]} 13. Bxe5 {[%emt 0:02:15]} Qb6 {[%emt 0:02:13]} 14. Bg3 {[%emt 0:07:00]} Qxb2 {[%emt 0:00:27]} 15. Rb1 {[%emt 0:06:41]} Qxa2 {[%emt 0:01:23]} 16. O-O {[%emt 0:00:53]} Qa6 17. Ra1 {[%emt 0:02:42]} Na5 {[%emt 0:04:44]} 18. Nb3 {[%emt 0:01:46]} Nc4 {[%emt 0:01:39]} 19. Qe2 {[%emt 0:05:15]} Qc6 {[%emt 0:00:18]} 20. Qc2 {[%emt 0:06:52]} a5 {[%emt 0:11:47]} 21. Rfb1 {[%emt 0:07:42]} Rfc8 {[%emt 0:02:40]} 22. Nc5 {[%emt 0:02:48]} b6 {[%emt 0:00:29]} 23. Na4 {[%emt 0:04:59]} b5 {[%emt 0:01:17]} 24. Nc5 {[%emt 0:00:56]} e5 {[%emt 0:01:14]} 25. Qd1 {[%emt 0:06:06]} f5 {[%emt 0:04:55]} 26. f3 {[%emt 0:02:27]} e4 {[%emt 0:01:19]} 27. fxe4 {[%emt 0:03:34]} dxe4 {[%emt 0:00:28]} 28. Qf1 {[%emt 0:04:10]} Nd2 {[%emt 0:03:01]} 29. Qxf5 {[%emt 0:00:31]} Nxb1 {[%emt 0:00:13]} 30. Rxb1 {[%emt 0:00:12]} Re8 {[%emt 0:00:45]} 31. Qf1 {[%emt 0:01:54]} e3 {[%emt 0:03:43]} 32. Qe2 {[%emt 0:00:28]} a4 {[%emt 0:04:05]} 33. Rxb5 {[%emt 0:06:42]} a3 {[%emt 0:00:06]} 34. Qa2+ {[%emt 0:02:16]} Kh8 {[%emt 0:00:04]} 35. Rb1 {[%emt 0:00:53]} e2 {[%emt 0:01:37]} 36. h4 {[%emt 0:05:49]} Nf4 {[%emt 0:02:14]} 37. Bxf4 {[%emt 0:02:39]} e1=Q+ {[%emt 0:00:06]} 38. Rxe1 {[%emt 0:00:13]} Rxe1+ {[%emt 0:00:01]} 39. Kh2 {[%emt 0:01:01]} Rae8 {[%emt 0:00:50]} 40. Qf7 {[%emt 0:00:00]} R1e2 {[%emt 0:00:00]} 41. d5 {[%emt 0:10:41]} Qxc5 {[%emt 0:01:12]} 42. h5 {[%emt 0:00:25]} Qf2 {[%emt 0:00:22]} 0-1

[Event "World Team-ch Women 2019"]
[Site "Astana"]
[Date "2019.03.07"]
[Round "3.5"]
[White "Muzychuk, Mariya"]
[Black "Hoang, Thanh Trang"]
[Result "1-0"]
[WhiteElo "2560"]
[BlackElo "2454"]
[Annotator "TA"]
[PlyCount "99"]
[EventDate "2019.02.05"]
[EventType "team-tourn"]
[EventCountry "KAZ"]
[SourceTitle "playchess.com"]
[Source "ChessBase"]
[SourceQuality "1"]
[WhiteTeam "Ukraine"]
[BlackTeam "Hungary"]
[WhiteTeamCountry "UKR"]
[BlackTeamCountry "HUN"]

{[%evp 21,99,14,15,10,10,0,1,12,25,24,18,0,0,0,18,10,18,12,39,39,37,8,10,0,76,24,183,187,178,176,173,170,178,190,182,172,212,212,211,219,344,328,378,300,271,259,606,603,602,589,561,558,482,372,356,358,347,354,437,314,777,769,722,720,868,830,812,812,805,786,805,630,2693,1926,4974,4687,4195,3957,6127,825]} 1. d4 e6 2. g3 f5 3. Bg2 Nf6 4. Nf3 d5 5. O-O Bd6 6. c4 c6 7. b3 Qe7 8. a4 a5 9. Ba3 Bxa3 10. Nxa3 O-O 11. Nc2 {[%cal Ba3c2,Bc2e1,Be1d3][%mdl 32]} b6 12. Nce1 {A90: Dutch Defence: Miscellaneous and Modern Stonewall (with ...Bd6)} Bb7 13. Nd3 Na6 14. Nfe5 {The position is equal.} (14. e3 Nb4 15. Qe2 Nxd3 16. Qxd3 c5 17. Rfd1 dxc4 18. bxc4 Rad8 19. Ne5 Bxg2 20. Kxg2 {½-½ (28) Nasybullin,V (2605)-Kerr,S (2580) ICCF email 2007}) 14... Rac8 15. Rc1 c5 $1 16. cxd5 exd5 17. e3 $36 {[%mdl 2048] White has some pressure.} Nb4 18. Nxb4 axb4 $146 ({Predecessor:} 18... cxb4 19. Qd3 g6 {0-1 (64) Viswanath,G (2030)-Morris,M (2168) Cammeray 2013}) 19. Qd3 Ne4 20. Bxe4 dxe4 21. Qb5 cxd4 22. exd4 Qd6 (22... Qe6 $11 {keeps the balance.}) 23. Qd7 (23. Rxc8 $16 Bxc8 24. Rd1) 23... Qd5 $2 {[#]} (23... Qxd7 $11 24. Nxd7 Rfd8 25. Rxc8 Rxc8) 24. Qxd5+ $1 $18 Bxd5 25. Nd7 Rxc1 26. Rxc1 {[%mdl 4096] Endgame KRB-KRN} Re8 27. Nxb6 Bxb3 28. Rb1 e3 29. fxe3 Rxe3 30. a5 Bc2 (30... Kf7 $142 31. a6 Bc2) 31. Rxb4 Ra3 32. Nc4 Ra1+ 33. Kf2 Kf8 $2 (33... Kf7 34. d5 Be4) 34. d5 Ke7 35. d6+ Ke6 36. Rb7 Ba4 37. Rxg7 Bb5 38. Re7+ ({Not} 38. Rxh7 Bxc4 39. d7 Rd1 $11) 38... Kf6 39. Nb6 ({Less strong is} 39. Rxh7 Bxc4 40. d7 Rf1+ 41. Ke3 Rd1 $16) 39... Rxa5 40. Rxh7 Ke5 $2 (40... Ra2+ 41. Ke3 Ke5) 41. d7 {White is clearly winning.} Ra2+ {[#]} 42. Ke1 $1 Ra1+ 43. Kd2 Ra2+ 44. Kc3 Bxd7 45. Nxd7+ {KRN-KR} Ke4 46. Rh4+ Kf3 47. Ne5+ Kg2 48. Kd3 Kg1 49. Ke3 Rf2 50. Rf4 {Accuracy: White = 56%, Black = 47%.} 1-0

[Event "World Team-ch Women 2019"]
[Site "Astana"]
[Date "2019.03.07"]
[Round "3.6"]
[White "Gara, Anita"]
[Black "Muzychuk, Anna"]
[Result "0-1"]
[WhiteElo "2384"]
[BlackElo "2555"]
[Annotator "TA"]
[PlyCount "102"]
[EventDate "2019.02.05"]
[EventType "team-tourn"]
[EventCountry "KAZ"]
[SourceTitle "playchess.com"]
[Source "ChessBase"]
[SourceQuality "1"]
[WhiteTeam "Hungary"]
[BlackTeam "Ukraine"]
[WhiteTeamCountry "HUN"]
[BlackTeamCountry "UKR"]

{[%evp 9,102,4,10,5,18,8,16,2,6,3,12,3,1,0,21,0,21,0,0,-16,2,0,0,0,0,0,0,-8,-14,-27,0,-35,0,-24,0,0,0,0,0,-21,-21,-50,-54,-64,-64,-64,-64,-64,-64,-64,-64,-64,-64,-64,-64,-64,-58,-72,-72,-101,-101,-144,-101,-101,-101,-101,-101,-101,0,-101,-101,-101,-91,-101,-101,-101,-101,-101,-101,-101,-101,-101,-80,-75,0,0,0,0,0,0,0,0,0,0,0]} 1. e4 c6 2. d4 d5 3. e5 Bf5 4. h4 h5 5. Bd3 Bxd3 6. Qxd3 {B12: Caro-Kann: Advance Variation} Qa5+ (6... e6 7. Bg5 Be7 8. Nf3 Nh6 9. Nbd2 Nf5 10. Nf1 Qa5+ 11. c3 Qa6 12. Qd2 Nd7 13. Ng3 Nxg3 14. fxg3 f6 {½-½ (72) Inarkiev,E (2693)-Tomashevsky,E (2705) St Petersburg 2018}) 7. c3 {Threatens to win with e6!} (7. Nc3 {is more complex.} e6 8. Nf3 Ne7 9. O-O Nf5 10. Ne2) 7... e6 8. Nf3 (8. Ne2 {seems wilder.} c5 9. O-O Ne7 10. Bg5 cxd4 11. cxd4 Nbc6 12. Nd2) 8... Qa6 9. Qxa6 Nxa6 10. Bg5 Ne7 11. Nbd2 Nf5 $146 ({Predecessor:} 11... c5 12. O-O Nf5 13. a3 Be7 14. Bxe7 Kxe7 {0-1 (55) Kuhn,C (2023)-Stephan,V (2361) Wasselonne 2018}) 12. Ke2 Be7 13. Bxe7 Kxe7 14. Nf1 (14. b4 {is interesting.} b6 15. Rab1 Rhc8 16. Rhc1 c5 17. a3) 14... Nb8 15. Ne3 Nxe3 16. Kxe3 Nd7 17. Ne1 f6 18. f4 c5 19. Nf3 Rhc8 20. Rac1 a5 21. Rhg1 f5 22. Rgd1 Nb6 23. Kd3 Na4 24. Rc2 c4+ 25. Ke3 b5 26. a3 b4 27. axb4 axb4 28. Ng1 Rcb8 29. Ne2 Kd7 30. Rdc1 Kc6 31. Rd1 Rb5 32. Ra1 Kb7 33. Rac1 Nb6 34. cxb4 Rxb4 35. Nc3 Na4 36. Kd2 Ra6 ({Don't go for} 36... Nxb2 $2 37. Rb1 $18) 37. Rb1 Rb3 38. Kc1 Kb6 (38... Kc6 $17) 39. Nxa4+ (39. Ra1 $1 $11 {was the only way to keep the balance.} Rb4 40. Nxa4+ Rbxa4 41. Rxa4 Rxa4 42. Kb1) 39... Rxa4 $11 {[%mdl 4096] Endgame KRR-KRR} 40. Rc3 Kb5 41. Kc2 Rab4 42. Kc1 Kb6 43. Kc2 Kc6 44. Kc1 Kb5 45. Kc2 Ra4 46. Kc1 Kb4 (46... g6 $17) 47. Kc2 {The position is equal.} Ra6 48. Rc1 Ra4 49. Rb1 Ka5 50. Rxb3 cxb3+ {[%mdl 64] [#] Discovered Attack} 51. Kd3 $1 Kb5 {[%mdl 32768] Accuracy: White = 54%, Black = 64%. . Sensor Board Error (Ke4/e5)?} 0-1

[Event "World Team-ch Women 2019"]
[Site "Astana"]
[Date "2019.03.07"]
[Round "3.7"]
[White "Gaponenko, Inna"]
[Black "Terbe, Julianna"]
[Result "1-0"]
[WhiteElo "2427"]
[BlackElo "2306"]
[Annotator "TA"]
[PlyCount "93"]
[EventDate "2019.02.05"]
[EventType "team-tourn"]
[EventCountry "KAZ"]
[SourceTitle "playchess.com"]
[Source "ChessBase"]
[SourceQuality "1"]
[WhiteTeam "Ukraine"]
[BlackTeam "Hungary"]
[WhiteTeamCountry "UKR"]
[BlackTeamCountry "HUN"]

{[%evp 9,92,-7,-10,-9,0,-28,-20,-23,-17,-32,-28,-20,-12,-30,-33,-64,-33,-36,-25,-45,-35,-33,-17,-76,-79,-64,-58,-70,0,9,0,-62,-57,-65,-21,-135,-39,-51,-46,-38,-40,-50,-29,-55,-35,-50,-41,-94,-85,-99,-88,-87,-48,-73,-32,-19,-19,-51,-22,-59,0,-117,-105,-142,-140,-388,-381,-481,-481,-445,-452,-508,-399,-372,-381,-499,-11,-12,0,0,6,0,29998,29999,29999]} 1. e4 c5 2. Nc3 Nc6 3. Bb5 Nd4 4. Nf3 a6 5. Bc4 (5. Bd3 Nc6 6. O-O d6 7. b3 g6 8. Bb2 Bg7 9. h3 e6 10. Na4 e5 11. Nc3 Nge7 12. a4 {½-½ (76) Andreikin,D (2719)-Carlsen,M (2835) St Petersburg 2018}) 5... b5 6. Bd5 {B23: Closed Sicilian: Lines without g3} Rb8 {Strongly threatening ...e6.} 7. Nxd4 (7. d3 {feels hotter.} e6 8. Bb3 Nxb3 9. axb3 d6 10. d4) 7... cxd4 8. Ne2 {The position is equal.} Nf6 9. Nxd4 e6 10. Bb3 Nxe4 11. Qe2 Bb7 12. d3 Bb4+ $146 13. Kf1 $1 Bc5 14. Be3 Qb6 15. c3 Nf6 16. h4 (16. Nf5 $11) 16... b4 17. h5 bxc3 18. bxc3 Nd5 (18... h6 $15) 19. Bxd5 $1 $11 Bxd5 20. Kg1 (20. Qg4 $11) 20... O-O 21. Rh4 f5 22. c4 {[#]} (22. h6 $11 {keeps the balance.}) 22... Ba8 (22... f4 $1 $17 {[%mdl 512]} 23. Rxf4 (23. Bxf4 Bxd4) 23... Rxf4 24. Bxf4 Bxd4 25. Bxb8 Bxa1 26. cxd5 Qxb8 27. dxe6 Qe8 28. exd7 Qxe2 29. d8=Q+ Kf7 30. Qc7+ Ke6 31. Qc4+ Kf5 32. Qc8+ Kf6 33. Qxa6+ Kg5) 23. Nb3 $1 $15 Qb7 {[%csl Ga8][%cal Rb7g2]} 24. f3 Be7 25. Rh1 e5 26. Bf2 Bf6 27. Bh4 Qb6+ 28. c5 (28. Qf2 $15) 28... Qd8 $17 29. Bxf6 Qxf6 30. Re1 Rbe8 31. Qb2 d6 32. cxd6 Qxd6 33. Rh4 Qd8 34. Ra4 Qg5 (34... e4 $1 $15 35. fxe4 fxe4 36. dxe4 Qh4 {[%mdl 64] Double Attack}) 35. Qf2 {[#]} (35. Nd2 $11 {remains equal.}) 35... e4 $1 $36 {[%cal Re4f3][%mdl 2048] White is under strong pressure.} 36. f4 Qxh5 37. Rxa6 $2 (37. dxe4 $17 fxe4 38. Qg3) 37... exd3 $19 38. Rae6 Rxe6 39. Rxe6 Be4 40. Nd2 Qd1+ 41. Kh2 Rc8 {...Qh5+ is the strong threat.} 42. Nxe4 {And now Ng5 would win.} fxe4 $2 ({Black should play} 42... Qh5+ $19 43. Kg3 fxe4) 43. Qh4 $1 $11 Qc2 {Threatens to win with ...d2.} 44. Qg5 Qc4 ({Don't go for} 44... Qxa2 $2 45. Re7 $18) (44... d2 $5 45. Re7 $8 Qc3 $11) 45. Qe5 {Re8+ would kill now.} Qc7 $2 {[%mdl 8192]} (45... Kh8 $11) 46. Re8+ Rxe8 47. Qxe8# {Accuracy: White = 37%, Black = 39%.} ({Inferior is} 47. Qxc7 e3 $11) 1-0

[Event "World Team-ch Women 2019"]
[Site "Astana"]
[Date "2019.03.07"]
[Round "3.8"]
[White "Havanecz, Bianka"]
[Black "Buksa, Nataliya"]
[Result "1/2-1/2"]
[WhiteElo "2270"]
[BlackElo "2416"]
[Annotator "TA"]
[PlyCount "165"]
[EventDate "2019.02.05"]
[EventType "team-tourn"]
[EventCountry "KAZ"]
[SourceTitle "playchess.com"]
[Source "ChessBase"]
[SourceQuality "1"]
[WhiteTeam "Hungary"]
[BlackTeam "Ukraine"]
[WhiteTeamCountry "HUN"]
[BlackTeamCountry "UKR"]

{[%evp 18,165,0,0,6,13,37,16,16,0,0,0,0,4,6,8,5,4,6,0,0,0,5,3,22,0,7,5,9,9,3,3,11,4,6,6,15,0,2,0,0,0,0,0,0,0,0,0,0,0,0,0,0,0,0,0,0,0,0,0,8,0,0,0,0,0,0,0,0,0,0,0,0,0,0,0,0,0,0,0,0,-27,0,0,0,0,0,0,0,0,0,-8,-8,-48,-48,-48,-48,-48,0,-48,-48,-48,-48,-48,-48,-48,-48,-48,-48,-48,-48,-48,-48,-48,-48,-48,-48,-48,-48,-48,-48,-48,-48,-48,-48,-48,-48,-48,0,0,0,0,0,0,0,0,0,0,0,0,0,0,0,0,0,0,0,0,0,0]} 1. Nf3 Nf6 2. g3 d5 3. Bg2 e6 4. O-O Be7 5. d4 O-O 6. c4 dxc4 7. Qc2 b6 {E05: Open Catalan: 5 Nf3 Be7} (7... a6 8. a4 Bd7 9. Qxc4 Bc6 10. Bf4 Bd6 11. Qc1 Bd5 12. Nc3 Nc6 13. Rd1 Nb4 14. Bg5 Be7 15. Nxd5 exd5 16. a5 Nc6 17. Ne5 Na7 18. Nd3 Nb5 19. Ra4 c6 20. Qc2 Re8 21. Bc1 Rc8 {½-½ (21) Fedoseev,V (2714)-Aronian,L (2765) Germany 2019}) 8. Nbd2 Bb7 9. Nxc4 Be4 10. Qa4 {LiveBook: 3 Games} Nbd7 11. Rd1 $146 ({Predecessor:} 11. Bg5 h6 12. Bxf6 Nxf6 13. Nce5 Qd5 14. Rac1 Bd6 15. Nc6 {0-1 (77) Barseghyan,H (2466)-Kravtsiv,M (2654) Cap d'Agde 2018}) 11... Qe8 12. Nce5 c5 13. Bf4 Nxe5 14. Qxe8 Rfxe8 15. Nxe5 Bxg2 16. Kxg2 Nd5 17. dxc5 Bxc5 18. Nd3 (18. Bd2 {feels hotter.} f5 19. Rac1 Rac8 20. a4 a6 21. Bc3) 18... Nxf4+ 19. Nxf4 Red8 20. Rac1 Kf8 21. Nd3 Bd6 22. Rc4 Rac8 23. Rdc1 Rxc4 24. Rxc4 $11 {[%mdl 4096] Endgame KRB-KRN} Ke7 25. f4 f6 26. Kf3 a5 27. a4 Rb8 28. b4 axb4 29. Nxb4 Kd7 30. Nd3 Ra8 31. g4 Ra5 32. h3 Rd5 33. Ke4 g6 34. Rc1 Ra5 35. Rc4 h5 36. Kf3 Ra8 37. e4 {[%cal Be2e4,Be4e5][%mdl 32]} hxg4+ 38. hxg4 Rh8 39. e5 Rh3+ 40. Ke2 {[#] And now Rd4 would win.} Rh2+ 41. Kf3 {Black must now prevent Rd4.} Rh3+ 42. Ke2 {aiming for Rd4.} fxe5 43. Nxe5+ Bxe5 44. fxe5 {KR-KR} Rb3 45. Rd4+ Ke7 46. Rc4 Ke8 47. Kf2 g5 48. Rc8+ Kd7 49. Rc4 (49. Rg8 {is interesting.} Kc6 50. Rxg5 Kd5 51. Rg7 Kxe5 52. Rb7) 49... b5 50. Rd4+ Ke7 51. axb5 Rxb5 52. Re4 Kd7 53. Kf3 Kc6 54. Re3 Kd5 55. Rd3+ Kxe5 56. Re3+ Kd6 57. Ra3 $1 Ke5 58. Re3+ Kf6 59. Ra3 Rb4 60. Ra5 Rb3+ 61. Kf2 Rd3 62. Rb5 Rd5 (62... Rd4 {with more complications.} 63. Kg3 Re4 64. Rb3 Rc4 65. Rb5 Rc1) 63. Rb3 $1 Ke5 64. Ke3 Ra5 65. Rc3 Ra1 66. Rc5+ Kf6 67. Rb5 Rg1 68. Kf3 Rf1+ 69. Kg3 Rf4 70. Ra5 Rd4 71. Kf3 Rd3+ 72. Kf2 e5 73. Ra6+ {The position is equal.} Kf7 74. Ra7+ Ke6 75. Rg7 Kf6 76. Rg8 Rd4 77. Kg3 $1 Rd3+ 78. Kg2 Rb3 79. Rf8+ Ke6 80. Rf5 Kd5 81. Rxg5 Kd4 82. Rg8 Rb2+ 83. Kg3 {Precision: White = 67%, Black = 67%.} 1/2-1/2